Pays du monde contenant deux S - Statistiques

Statistiques générales
  • Ce quiz a été pris 527 fois
  • Le résultat moyen est 5 sur 12
Statistiques - réponses
Pays % Correct
Suisse
76%
Russie
62%
États-Unis
55%
Saint-Christophe-et-Niévès
53%
Saint-Vincent-et-les-Grenadines
52%
Biélorussie
47%
Soudan du Sud
41%
Seychelles
40%
Guinée-Bissau
33%
Émirats Arabes Unis
30%
Pays-Bas
17%
Îles Marshall
15%
Aucun quiz correspondant
Distribution des résultats
% des personnes avec chaque résultat
Percentile par nombre de réponses
Votre historique - résultats
Vous n’avez pas pris ce quiz